000 00951cam a2200289 a 4500
999 _c21755
_d21755
001 2893887
003 ARRUPE
005 20170529085016.0
008 870317s1988 enk b 001 0 eng
010 _a 87003857
020 _a0582004063 (pbk.)
040 _aDLC
_cDLC
_dDLC
043 _af-sj---
050 0 0 _aDT156.4
_b.H64 1988
082 0 0 _a962.4/03
_219
100 1 _aHolt, P. M.
_q(Peter Malcolm)
_931130
245 1 2 _aA history of the Sudan, from the coming of Islam to the present day /
_cP.M. Holt, M.W. Daly.
250 _a4th ed.
260 _aLondon ;
_aNew York :
_bLongman,
_c1988.
300 _ax, 262 p. ;
_c22 cm.
500 _aIncludes index.
504 _aBibliography: p. 243-250.
651 0 _aSudan
_xHistory.
_931128
700 1 _aDaly, M. W.
_931131
906 _a7
_bcbc
_corignew
_d1
_eocip
_f19
_gy-gencatlg
942 _2lcc
_cMONOGRAPH